What drives China's economy : (Record no. 591652)

000 -LEADER
fixed length control field 02738cam a22003978i 4500
001 - CONTROL NUMBER
control field 21210888
005 - DATE AND TIME OF LATEST TRANSACTION
control field 20221011101326.0
008 - FIXED-LENGTH DATA ELEMENTS--GENERAL INFORMATION
fixed length control field 190919s2020 nyu b 001 0 eng
010 ## - LIBRARY OF CONGRESS CONTROL NUMBER
LC control number 2019042530
020 ## - INTERNATIONAL STANDARD BOOK NUMBER
International Standard Book Number 9780367179755
Qualifying information (hardback)
020 ## - INTERNATIONAL STANDARD BOOK NUMBER
Canceled/invalid ISBN 9780429058783
Qualifying information (ebook)
040 ## - CATALOGING SOURCE
Original cataloging agency DLC
Language of cataloging eng
Description conventions rda
Transcribing agency DLC
042 ## - AUTHENTICATION CODE
Authentication code pcc
043 ## - GEOGRAPHIC AREA CODE
Geographic area code a-cc---
050 00 - LIBRARY OF CONGRESS CALL NUMBER
Classification number HC427.95
Item number .M3343 2020
082 00 - DEWEY DECIMAL CLASSIFICATION NUMBER
Classification number 330.951
Author Mark QIN
100 1# - MAIN ENTRY--PERSONAL NAME
Personal name Ma, Qing-Ping,
Relator term author.
9 (RLIN) 99775
245 10 - TITLE STATEMENT
Title What drives China's economy :
Remainder of title economic, socio-political, historical and cultural factors /
Statement of responsibility, etc. Qing-Ping Ma.
263 ## - PROJECTED PUBLICATION DATE
Projected publication date 2001
264 #1 - PRODUCTION, PUBLICATION, DISTRIBUTION, MANUFACTURE, AND COPYRIGHT NOTICE
Place of production, publication, distribution, manufacture London :
Name of producer, publisher, distributor, manufacturer Routledge,
Date of production, publication, distribution, manufacture, or copyright notice 2020.
300 ## - PHYSICAL DESCRIPTION
Extent 122 p. ;
Dimensions 22 cm.
336 ## - CONTENT TYPE
Content type term text
Content type code txt
Source rdacontent
337 ## - MEDIA TYPE
Media type term unmediated
Media type code n
Source rdamedia
338 ## - CARRIER TYPE
Carrier type term volume
Carrier type code nc
Source rdacarrier
490 0# - SERIES STATEMENT
Series statement Routledge focus on economics and finance
504 ## - BIBLIOGRAPHY, ETC. NOTE
Bibliography, etc. note Includes bibliographical references and index.
520 ## - SUMMARY, ETC.
Summary, etc. "The spectacular economic growth experienced by China since 1978 has often been hailed as "the China Miracle". Many economists have tried to understand the forces behind China's phenomenal growth and the explanations can be divided into two broad schools of economic thought - one school of thought which includes Nobel Laureate Paul Krugman explains that market mechanism and deregulation led to China's success, while the other school of thought which include Justin Yifu Lin, the former Chief Economist and Senior Vice-President of the World Bank, explains that China's growth miracle is a unique model to itself defined by the Chinese government's prominent role. The Chinese government has been responsible in identifying and investing in industries that have contributed to economic growth. Some economists in the latter school even claim that "the China Miracle" cannot be explained by mainstream economics. This book examines both schools of thought and attempts to provide a synthesis of the two schools to explain "the China Miracle". It looks at Solow-Swan growth model, Harrod-Domar model and Transaction Cost Theory. It provides insights into whether and how China can sustain its growth and how developing countries may replicate China's success"--
Assigning source Provided by publisher.
650 #0 - SUBJECT ADDED ENTRY--TOPICAL TERM
Topical term or geographic name entry element Monetary policy
Geographic subdivision China.
9 (RLIN) 99776
650 #0 - SUBJECT ADDED ENTRY--TOPICAL TERM
Topical term or geographic name entry element Investments
Geographic subdivision China.
9 (RLIN) 91332
650 #0 - SUBJECT ADDED ENTRY--TOPICAL TERM
Topical term or geographic name entry element Economic development
General subdivision Government policy
Geographic subdivision China.
9 (RLIN) 99777
651 #0 - SUBJECT ADDED ENTRY--GEOGRAPHIC NAME
Geographic name China
General subdivision Economic policy
Chronological subdivision 21st century.
9 (RLIN) 99778
776 08 - ADDITIONAL PHYSICAL FORM ENTRY
Relationship information Online version:
Main entry heading Ma, Qing-Ping,
Title What drives china's economy
Edition Routledge.
Place, publisher, and date of publication New York : Routledge, 2020.
International Standard Book Number 9780429058783
Record control number (DLC) 2019042531
906 ## - LOCAL DATA ELEMENT F, LDF (RLIN)
a 7
b cbc
c orignew
d 1
e ecip
f 20
g y-gencatlg
942 ## - ADDED ENTRY ELEMENTS (KOHA)
Source of classification or shelving scheme
Koha item type Book
Holdings
Withdrawn status Lost status Source of classification or shelving scheme Damaged status Not for loan Permanent Location Current Location Shelving location Date acquired Source of acquisition Total Checkouts Full call number Barcode Date last seen Price effective from Koha item type
          Central Library (CL) Central Library (CL) Chinese Studies 10/11/2022 Donated by China Embassy   330.951 QIN CL-D-1866 10/11/2022 10/11/2022 Book
© 2023 Central Library, National University of Sciences and Technology. All Rights Reserved.